000
00305nam a22001337a 4500
008
181217b xxu||||| |||| 00| 0 eng d
020
_a
0910701350
041
_a
eng
080
_a
320
100
_a
21
101
_a
SHP
245
_a
The Politics of Health Legislation
_c
Feldstein,P.J
942
_2
udc
_c
BK
999
_c
53198
_d
53198